ბათუმის შოთა რუსთაველის სახელმწიფო უნივერსიტეტის ბიბლიოთეკა

აკმე (ბიბ.ჩანაწერი № 50128)

000 -LEADER
fixed length control field 00672nam a2200229Ia 4500
001 - CONTROL NUMBER
control field 17066
003 - CONTROL NUMBER IDENTIFIER
control field GE_BSU
008 - FIXED-LENGTH DATA ELEMENTS--GENERAL INFORMATION
fixed length control field 181216s||||||||xx |||||||||||||| ||und||
040 ## - CATALOGING SOURCE
Transcribing agency GE_BSU
080 ## - UNIVERSAL DECIMAL CLASSIFICATION NUMBER
Universal Decimal Classification number 821.353.1-1
100 ## - MAIN ENTRY--PERSONAL NAME
Personal name ამაშუკელი, რ. (რეზო)
245 ## - TITLE STATEMENT
Title აკმე
245 ## - TITLE STATEMENT
Remainder of title ლექსები
245 ## - TITLE STATEMENT
Statement of responsibility, etc. რედ.: ლია შარვაშიძე ; მხატვ.: გოგი წერეთელი
260 ## - PUBLICATION, DISTRIBUTION, ETC.
Place of publication, distribution, etc. თბილისი
260 ## - PUBLICATION, DISTRIBUTION, ETC.
Name of publisher, distributor, etc. მერანი
260 ## - PUBLICATION, DISTRIBUTION, ETC.
Date of publication, distribution, etc. 1996
300 ## - PHYSICAL DESCRIPTION
Extent 360 გვ. ; 20 სმ
653 ## - INDEX TERM--UNCONTROLLED
Uncontrolled term აკმე
653 ## - INDEX TERM--UNCONTROLLED
Uncontrolled term ლექსები
942 ## - ADDED ENTRY ELEMENTS (KOHA)
Koha item type წიგნი
ეგზემპლარები
Withdrawn status Lost status Damaged status Not for loan Date acquired Barcode Date last seen Price effective from Koha item type
        2018-12-17 21626 2018-12-17 2018-12-17 წიგნი
        2018-12-17 21627 2018-12-17 2018-12-17 წიგნი
        2018-12-17 21629 2018-12-17 2018-12-17 წიგნი
        2018-12-17 21630 2018-12-17 2018-12-17 წიგნი